000 01339nam a2200337Ia 4500
001 ebr10610284
003 CaPaEBR
006 m u
007 cr cn|||||||||
008 120828s2012 txu sb 001 0 eng d
010 _z 2012032253
020 _z9781593325244 (hardcover : alk. paper)
020 _z9781593326254
040 _aCaPaEBR
_cCaPaEBR
035 _a(OCoLC)826657914
050 1 4 _aJV6450
_b.V84 2012eb
082 0 4 _a305.895/972073
_223
100 1 _aVue, Pao Lee,
_d1980-
245 1 0 _aAssimilation and the gendered color line
_h[electronic resource] :
_bHmong case studies of hip-hop and import racing /
_cPao Lee Vue.
260 _aEl Paso :
_bLFB Scholarly Pub.,
_c2012.
300 _avii, 200 p.
490 0 _aThe new Americans
504 _aIncludes bibliographical references and index.
533 _aElectronic reproduction.
_bPalo Alto, Calif. :
_cebrary,
_d2011.
_nAvailable via World Wide Web.
_nAccess may be limited to ebrary affiliated libraries.
650 0 _aAssimilation (Sociology)
_zUnited States.
650 0 _aSex discrimination
_zUnited States.
650 0 _aHmong Americans.
655 7 _aElectronic books.
_2local
710 2 _aebrary, Inc.
856 4 0 _uhttp://site.ebrary.com/lib/rucke/Doc?id=10610284
_zAn electronic book accessible through the World Wide Web; click to view
999 _c101798
_d101798